| 000 | 006040000a22001810004500 | ||
|---|---|---|---|
| 003 | MACL | ||
| 005 | 20160525130713.0 | ||
| 008 | 160525b xxu||||| |||| 00| 0 eng d | ||
| 040 |
_aMACL _cMACL |
||
| 041 | _aHindi | ||
| 082 | _a891.433 | ||
| 100 |
_aदीक्षित, जगदम्बाप्रसाद _959406 |
||
| 245 |
_aइतिवृत्त _cदीक्षित, जगदम्बाप्रसाद |
||
| 260 |
_bसंभावना प्रकाशन _c1991 _aहापुड |
||
| 350 | _a40 | ||
| 650 |
_aNovel _959407 |
||
| 942 |
_cHIN _k891.433/DIX/N _2ddc |
||
| 999 |
_c20702 _d20702 |
||